ბათუმის შოთა რუსთაველის სახელმწიფო უნივერსიტეტის ბიბლიოთეკა

Право европейского союза : (ბიბ.ჩანაწერი № 57042)

000 -LEADER
fixed length control field 00945nam a22002057a 4500
005 - DATE AND TIME OF LATEST TRANSACTION
control field 20191030163051.0
008 - FIXED-LENGTH DATA ELEMENTS--GENERAL INFORMATION
fixed length control field 191030s2018 ru ||||| |||| 00| 0 rur d
020 ## - INTERNATIONAL STANDARD BOOK NUMBER
International Standard Book Number 9785534064520
041 ## - LANGUAGE CODE
Language code of text/sound track or separate title rur
080 ## - UNIVERSAL DECIMAL CLASSIFICATION NUMBER
Universal Decimal Classification number 341(075.8) П-68
245 ## - TITLE STATEMENT
Title Право европейского союза :
Remainder of title Часть 1. Учебник и практикум для бакалавриата и магистратуры /
Statement of responsibility, etc. Под ред. А. Х. Абашидзе., А.О. Иншаковой.
264 ## - PRODUCTION, PUBLICATION, DISTRIBUTION, MANUFACTURE, AND COPYRIGHT NOTICE
Place of production, publication, distribution, manufacture Москва :
Name of producer, publisher, distributor, manufacturer Юрайт,
Date of production, publication, distribution, manufacture, or copyright notice 2018.
300 ## - PHYSICAL DESCRIPTION
Extent 293 стр.:
Dimensions 24 см.
440 ## - SERIES STATEMENT/ADDED ENTRY--TITLE
Title Бакалавр и магистр.
9 (RLIN) 5124
653 ## - INDEX TERM--UNCONTROLLED
keyword Право европейского союза
653 ## - INDEX TERM--UNCONTROLLED
keyword ევროკავშირის სამართალი
700 ## - ADDED ENTRY--PERSONAL NAME
Personal name Абашидзе, А. Х
Relator term რედაქტორი
9 (RLIN) 432
700 ## - ADDED ENTRY--PERSONAL NAME
Personal name Иншаковой, А.О.
Relator term რედაქტორი
9 (RLIN) 5126
942 ## - ADDED ENTRY ELEMENTS (KOHA)
Source of classification or shelving scheme
Koha item type წიგნი
ეგზემპლარები
Withdrawn status Lost status Source of classification or shelving scheme Damaged status Not for loan Permanent Location Current Location Shelving location Date acquired Cost, normal purchase price Full call number Barcode Date last seen Copy number Price effective from Koha item type Public note
          ბათუმის შოთა რუსთაველის სახელმწიფო უნივერსიტეტის მთავარი ბიბლიოთეკა ბათუმის შოთა რუსთაველის სახელმწიფო უნივერსიტეტის მთავარი ბიბლიოთეკა წიგნსაცავი 2019-10-30 12.00 341(075.8) П-68 28610 2019-10-30 28610 2019-10-30 წიგნი 12.00
          ბათუმის შოთა რუსთაველის სახელმწიფო უნივერსიტეტის მთავარი ბიბლიოთეკა ბათუმის შოთა რუსთაველის სახელმწიფო უნივერსიტეტის მთავარი ბიბლიოთეკა წიგნსაცავი 2019-10-30 12.00 341(075.8) П-68 28609 2019-10-30 28609 2019-10-30 წიგნი 12.00